000 00437 a2200169 4500
005 20241219112028.0
008 241218b |||||||| |||| 00| 0 eng d
020 _a9788123711164
_cRs. 155.00
040 _aMAIN
082 _aB.08
_bP192G
100 _aPandya, Jayant
245 _aGandhiji and his disciples
260 _bNational Book Trust, India
_c2021
_aNew Delhi
300 _axii, 179
650 _aBiographies
942 _cBK
999 _c356511
_d356511